<?xml version="1.0" encoding="UTF-8"?><collection xmlns="info:lc/xmlns/marcxchange-v2"><record format="Unimarc" type="bibliographic"><leader>00729nam  2200241   450 </leader><controlfield tag="001">2357789</controlfield><controlfield tag="003">http://id.bnportugal.gov.pt/bib/porbase/2357789</controlfield><controlfield tag="005">20091009104000.0</controlfield><datafield ind1=" " ind2=" " tag="010"><subfield code="a">9780199533541</subfield></datafield><datafield ind1=" " ind2=" " tag="035"><subfield code="a">UCJPII_202.iso/13-12-2010/58787</subfield></datafield><datafield ind1=" " ind2=" " tag="035"><subfield code="a">269426</subfield></datafield><datafield ind1=" " ind2=" " tag="100"><subfield code="a">20091009d2009    km y0pory0103    ba</subfield></datafield><datafield ind1="0" ind2=" " tag="101"><subfield code="a">eng</subfield></datafield><datafield ind1=" " ind2=" " tag="102"><subfield code="a">GB</subfield></datafield><datafield ind1="1" ind2=" " tag="200"><subfield code="a">Biography</subfield><subfield code="e">a very short introduction</subfield><subfield code="f">Hermione Lee</subfield></datafield><datafield ind1=" " ind2=" " tag="210"><subfield code="a">Oxford</subfield><subfield code="c">Oxford University Press</subfield><subfield code="d">2009</subfield></datafield><datafield ind1=" " ind2=" " tag="215"><subfield code="a">170 p.</subfield><subfield code="c">il.</subfield><subfield code="d">17 cm</subfield></datafield><datafield ind1="2" ind2=" " tag="225"><subfield code="a">Very short introductions</subfield></datafield><datafield ind1=" " ind2=" " tag="675"><subfield code="a">82-94</subfield><subfield code="v">2med</subfield><subfield code="z">fre</subfield></datafield><datafield ind1=" " ind2=" " tag="675"><subfield code="a">82.081</subfield><subfield code="v">2med</subfield><subfield code="z">fre</subfield></datafield><datafield ind1=" " ind2=" " tag="675"><subfield code="a">929</subfield><subfield code="v">2med</subfield><subfield code="z">fre</subfield></datafield><datafield ind1=" " ind2="1" tag="700"><subfield code="a">Lee</subfield><subfield code="b">Hermione</subfield></datafield><datafield ind1=" " ind2="0" tag="801"><subfield code="a">PT</subfield><subfield code="b">UCJPII</subfield><subfield code="g">RPC</subfield></datafield></record></collection>